000 00805cam a2200313 4500
001 ABS68324
008 041029n2004 000 0 eng u
035 _a(Sirsi) u127875
245 _aFocus 2: M25 North West
260 _c2004
490 _aEstates Gazette
_v(0442) 16 October 2004, 89-107(10)
590 _aABS
590 _aABS
650 _aHEMEL HEMPSTEAD
650 _aM25
650 _aWATFORD
650 _aRICKMANSWORTH
650 _aUXBRIDGE
650 _aHOUNSLOW
650 _aBRENTFORD
650 _aCHISWICK
650 _aHATFIELD
650 _aOFFICE MARKET
650 _aINDUSTRIAL MARKET
650 _aPROPERTY-COMMERCIAL PROPERTY-RETAIL PROPERTY-RETAIL PROPERTY MARKET
650 _aRESIDENTIAL USE
690 _aCOMMERCIAL PROPERTY-MARKET
942 _n0
999 _c118255
_d118255